| 000 | 00519nam a2200217Ia 4500 | ||
|---|---|---|---|
| 008 | 170918s9999 xx 000 0 und d | ||
| 020 | _a9781423101499 | ||
| 050 | _bR585ba 2008 | ||
| 100 | _aRiordan, Rick | ||
| 245 | 4 | _aThe battle of the labyrinth / | |
| 245 | _cby Rick Riordan. | ||
| 260 | _aNew York : | ||
| 260 | _bDisney, | ||
| 260 | _c2008 | ||
| 300 | _a361 pages : | ||
| 300 | _billustrations ; | ||
| 300 | _c19cm. | ||
| 300 | _ePercy Jackson and the Olympians ; | ||
| 440 | _a4 | ||
| 500 | _a590 | ||
| 999 |
_c344057 _d344057 |
||